00947nam a2200217 i 450000100060000000300090000600500170001500700030003200800410003508000120007608000130008810000440010124502760014526000690042130000370049053000350052765100290056265100280059185200210061985600890064020934ES-MaACL20240418063057.0t|021119s1861 sp a |||| | spa d a913(44) a913(450)1 aAlarcón, Pedro Antonio de,d1833-189110aDe Madrid a Nápoles b: pasando por París, Ginebra, el Mont-Blanc, el Simplon, el Lago Mayor, Turín, Pavía, Milán... : viaje de recreo, realizado durante la guerra de 1860 y sitio de Gaeta en 1861 : ilustrado con grabados... / cpor Pedro Antonio de Alarcón. aMadrid : b[s.n.], c1861 (fImp. y librería de Gaspar y Roig) aX, 12, 655 p. : bil. ; c27 cm. aDisponible en formato digital. 4aFrancia-xDescripción. aItalia-xDescripción. aES-MaACLjB-4739 uhttp://bdh-rd.bne.es/viewer.vm?id=0000085050&page=1 zBiblioteca Digital Hispánica